Statistics for Tallest Mountain of each South American Country

Click here to take the quiz!

General Stats

  • This quiz has been taken 65 times
  • The average score is 5 of 12

Answer Stats

CountryHeightMountain% Correct
Agentina6,960 mAconcagua
92%
Ecuador6,267 mChimborazo
76%
Venezuela4,978 mPico Bolívar
48%
Chile6,893 mOjos del Salado
44%
Brazil2,995 mPico da Neblina
40%
Colombia5,730 mPico Cristóbal Colón
36%
Peru6,768 mHuascarán
32%
Guyana2,772 mMount Roraima
32%
Bolivia6,542 mNevado Sajama
32%
Suriname1,230 mJuliana Top
28%
Uruguay514 mCerro Catedral
24%
Paraguay842 mCerro Tres Kandú
20%

Score Distribution

Percentile by Number Answered

Percent of People with Each Score

Your Score History

You have not taken this quiz